| 000 | 00724nam a2200229 a 4500 | ||
|---|---|---|---|
| 001 | 000019333 | ||
| 005 | 20200929170003.0 | ||
| 008 | 100624s1946 ag 000 p spa d | ||
| 040 |
_aDO-SdBNP _bspa _cBNPHU |
||
| 082 |
_a861.64 _bA334p, 1946 |
||
| 100 | 1 |
_aAlberti, Rafael, _d1902-1999 _99163 |
|
| 245 | 1 | 0 |
_aPoesía : _b1924-1944 / _cRafael Alberti. |
| 250 | _a2a ed. | ||
| 260 |
_aBuenos Aires : _bLosada, _c1946. |
||
| 300 |
_a326 p. ; _c23 cm. |
||
| 490 | 1 | _aPoetas de España y América | |
| 504 | _aIncluye referencias bibliográficas y notas al pie de las páginas. | ||
| 650 | 4 |
_aPoesía española _9631 |
|
| 650 | 4 |
_aLiteratura española _9632 |
|
| 830 | 0 |
_aPoetas de España y América _941109 |
|
| 049 | _aBNGR | ||
| 999 |
_c18850 _d18850 |
||